[Event "ISR-ch U08/18"]
[Site "Savyon"]
[Date "2022.04.08"]
[Round "2"]
[White "Friedland, Eldar"]
[Black "Yaniv, Yuval"]
[Result "0-1"]
[WhiteElo "2119"]
[BlackElo "2303"]
[PlyCount "72"]
[EventDate "2022.04.06"]
[EventType "swiss"]
[EventRounds "9"]
[EventCountry "ISR"]
[SourceTitle "EXT 2023"]
[Source "ChessBase"]
[SourceDate "2022.10.05"]
[SourceVersion "1"]
[SourceVersionDate "2022.10.05"]
[SourceQuality "1"]

1. c4 g6 2. Nf3 Bg7 3. g3 d6 4. Bg2 e5 5. Nc3 f5 6. d3 Ne7 7. 0-0 0-0 8. Rb1 h6 9. Nd2 a5 10. a3 g5 11. b4 axb4 12. axb4 Nd7 13. Qb3 Kh8 14. Bb2 Nf6 15. Ra1 Rb8 16. Nd5 Nfxd5 17. cxd5 c6 18. Rfc1 f4 19. b5 Bd7 20. Qa3 fxg3 21. hxg3 c5 22. Qa5 b6 23. Qa6 Qe8 24. Ne4 Nc8 25. Nc3 h5 26. Qa4 h4 27. gxh4 Rf4 28. Qd1 gxh4 29. e3 Rb4 30. Rcb1 Qg6 31. Kh2 h3 32. Bf3 e4 33. dxe4 Rxb2 34. Rxb2 Bxc3 35. Qc2 Qf6 36. Raa2 Be5+ 0-1

[Event "ISR-ch op"]
[Site "Safed"]
[Date "2021.12.14"]
[Round "7"]
[White "Stolyarsky, Yegor"]
[Black "Friedland, Eldar"]
[Result "0-1"]
[WhiteElo "2148"]
[BlackElo "1986"]
[PlyCount "124"]
[EventDate "2021.12.08"]
[EventType "swiss"]
[EventRounds "9"]
[EventCountry "ISR"]
[SourceTitle "CBM 205 Extra"]
[Source "ChessBase"]
[SourceDate "2022.01.31"]
[SourceVersion "1"]
[SourceVersionDate "2022.01.31"]
[SourceQuality "1"]

1. d4 Nf6 2. Nf3 g6 3. g3 Bg7 4. Bg2 0-0 5. c4 d6 6. Nc3 Nbd7 7. 0-0 e5 8. e4 a6 9. Be3 exd4 10. Nxd4 Re8 11. h3 Rb8 12. Kh2 Ne5 13. b3 c5 14. Nf3 Nfg4+ 15. hxg4 Nxg4+ 16. Kg1 Nxe3 17. fxe3 Bxc3 18. Rc1 Bg7 19. Ne1 b5 20. Nd3 Bb7 21. Qg4 Qe7 22. Nf2 Bh6 23. Rce1 bxc4 24. bxc4 Bc8 25. Qe2 Be6 26. Ng4 Bg7 27. e5 dxe5 28. e4 Bxg4 29. Qxg4 Red8 30. Rb1 Bh6 31. Rfd1 Be3+ 32. Kh2 Bd4 33. Rf1 Rb4 34. Rxb4 cxb4 35. Qf3 a5 36. Qb3 Bc5 37. Rd1 Bd4 38. Bh3 Qb7 39. Bg2 Qc6 40. Rf1 Rc8 41. Rc1 Bc3 42. Rd1 a4 43. Qc2 Bd4 44. Bf1 Rb8 45. Rb1 Kg7 46. Be2 h5 47. Bd1 h4 48. g4 Qf6 49. Qg2 Qf4+ 50. Kh3 Qe3+ 51. Qf3 Qxf3+ 52. Bxf3 b3 53. a3 Bc5 54. Bd1 Bxa3 55. Ra1 Bc5 56. Rb1 a3 57. Rxb3 a2 58. Rxb8 a1Q 59. Bf3 Qf1+ 60. Bg2 Qf4 61. Rb3 Be3 62. Kxh4 Bf2+ 0-1

[Event "ISR-ch op"]
[Site "Safed"]
[Date "2021.12.13"]
[Round "6"]
[White "Friedland, Eldar"]
[Black "Zemach, Nadav"]
[Result "1/2-1/2"]
[WhiteElo "1986"]
[BlackElo "2157"]
[PlyCount "194"]
[EventDate "2021.12.08"]
[EventType "swiss"]
[EventRounds "9"]
[EventCountry "ISR"]
[SourceTitle "CBM 205 Extra"]
[Source "ChessBase"]
[SourceDate "2022.01.31"]
[SourceVersion "1"]
[SourceVersionDate "2022.01.31"]
[SourceQuality "1"]

1. c4 Nf6 2. Nf3 e6 3. g3 d5 4. b3 c5 5. Bg2 Nc6 6. e3 d4 7. exd4 cxd4 8. d3 Bd6 9. 0-0 0-0 10. Re1 Re8 11. Ba3 e5 12. Bxd6 Qxd6 13. Nh4 Bg4 14. Qc1 Qd7 15. a3 e4 16. Nd2 e3 17. Ne4 Nxe4 18. Bxe4 Rxe4 19. dxe4 Ne5 20. fxe3 d3 21. Qb2 Re8 22. Rf1 d2 23. Qd4 Qxd4 24. exd4 Nd3 25. e5 Nb2 26. h3 d1Q 27. Rfxd1 Bxd1 28. Rb1 g5 29. Ng2 Bxb3 30. Rxb2 Bxc4 31. Rxb7 Rd8 32. Ne3 Be6 33. Rb4 Rd7 34. g4 h5 35. Kf2 hxg4 36. hxg4 a5 37. Ra4 Bb3 38. Rxa5 Rxd4 39. Rb5 Be6 40. Rb4 Rd2+ 41. Kf3 Ra2 42. a4 Bd7 43. a5 Bc6+ 44. Kg3 Ra3 45. Kf2 Rxa5 46. Rc4 Bd7 47. Re4 Ra2+ 48. Kg3 Ra3 49. Kf2 Be6 50. Nf5 Ra5 51. Ke3 Kh7 52. Kd4 Ra4+ 53. Ke3 Ra3+ 54. Kf2 Ra5 55. Nd6 Kg6 56. Ne8 Bd5 57. Re2 Ra4 58. Nf6 Rf4+ 59. Ke3 Rf3+ 60. Kd4 Be6 61. Re4 Ra3 62. Kc5 Kg7 63. Kd6 Ra6+ 64. Ke7 Ra7+ 65. Kd6 Kg6 66. Kc5 Ra3 67. Kd6 Kg7 68. Ne8+ Kf8 69. Nf6 Rd3+ 70. Kc7 Rc3+ 71. Kd6 Rd3+ 72. Kc5 Kg7 73. Ne8+ Kg6 74. Nf6 Rd1 75. Kb6 Rc1 76. Kb5 Kg7 77. Kb4 Rc2 78. Kb5 Rc8 79. Kb4 Rc1 80. Kb5 Ba2 81. Kb4 Bb1 82. Re3 Bg6 83. Re2 Kf8 84. Re3 Ke7 85. Re2 Ke6 86. Re3 Rf1 87. Kc3 Rf4 88. Re1 Ra4 89. Re2 Ra3+ 90. Kd4 Rd3+ 91. Kc5 Rd1 92. Re3 Bd3 93. Kb4 Bb1 94. Kc3 Bg6 95. Kb4 Rb1+ 96. Kc3 Rb5 97. Kd4 Ra5 1/2-1/2

[Event "Netanya op"]
[Site "Netanya"]
[Date "2019.06.25"]
[Round "3"]
[White "Friedland, Eldar"]
[Black "Havakuk, Elad"]
[Result "1-0"]
[WhiteElo "1959"]
[BlackElo "1350"]
[PlyCount "89"]
[EventDate "2019.06.23"]
[EventType "swiss"]
[EventRounds "9"]
[EventCountry "ISR"]
[SourceTitle "CBM 191 Extra"]
[Source "ChessBase"]
[SourceDate "2019.09.30"]
[SourceVersion "1"]
[SourceVersionDate "2019.09.30"]
[SourceQuality "1"]

1. d4 d5 2. c4 c6 3. Nf3 Nf6 4. Qc2 g6 5. Bf4 Bf5 6. Qb3 b6 7. e3 Nbd7 8. Nc3 e6 9. Qa4 Qc8 10. cxd5 Nxd5 11. Ba6 Qd8 12. Nxd5 b5 13. Nc7+ Qxc7 14. Bxc7 bxa4 15. Bb7 Bb4+ 16. Ke2 0-0 17. Bxa8 Rxa8 18. a3 Be7 19. Nd2 c5 20. e4 cxd4 21. exf5 gxf5 22. f4 Nc5 23. Rac1 Rc8 24. Ba5 d3+ 25. Ke3 Rb8 26. Bb4 Nb3 27. Bxe7 Nxc1 28. Rxc1 Rxb2 29. Bf6 Rc2 30. Rxc2 dxc2 31. Bb2 Kf8 32. Kd3 e5 33. fxe5 Ke7 34. Kxc2 h5 35. Kd3 h4 36. Nf3 f4 37. Nxh4 f3 38. Nxf3 f5 39. exf6+ Kf7 40. Ng5+ Kg6 41. h4 Kh5 42. f7 a5 43. f8Q Kg6 44. Qf7+ Kh6 45. Qh7# 1-0

[Event "Pardubice Czech op-C 28th"]
[Site "Pardubice"]
[Date "2017.07.24"]
[Round "3"]
[White "Gokhale, Rishabh Chandrashek"]
[Black "Friedland, Eldar"]
[Result "0-1"]
[WhiteElo "1503"]
[BlackElo "1900"]
[PlyCount "134"]
[EventDate "2017.07.22"]
[EventType "swiss"]
[EventRounds "9"]
[EventCountry "CZE"]
[SourceTitle "CBM 179 Extra"]
[Source "ChessBase"]
[SourceDate "2017.08.23"]
[SourceVersion "1"]
[SourceVersionDate "2017.08.23"]
[SourceQuality "1"]

1. d4 d5 2. Nf3 Nf6 3. Bf4 c5 4. e3 Nc6 5. c3 cxd4 6. exd4 Bg4 7. Nbd2 e6 8. Qb3 Qc8 9. Bd3 Bxf3 10. Nxf3 Be7 11. 0-0 0-0 12. h3 Na5 13. Qc2 h6 14. Ne5 Nd7 15. Rad1 Nc6 16. Qe2 Bd6 17. Bb1 Re8 18. Qh5 Ncxe5 19. dxe5 Bf8 20. Rd3 g6 21. Rg3 Bg7 22. Bxg6 fxg6 23. Rxg6 Re7 24. Bxh6 Nf8 25. Rxg7+ Rxg7 26. Bxg7 Kxg7 27. f4 Qc5+ 28. Kh2 Ng6 29. Rf3 Rh8 30. Qg4 Qe7 31. Rg3 Qf7 32. Qg5 Rh6 33. Rg4 Kh7 34. Qf6 Qxf6 35. exf6 Kg8 36. f5 exf5 37. Rd4 Kf7 38. Rxd5 Ke6 39. c4 Rh7 40. b4 Rc7 41. Rd4 Kxf6 42. Rd6+ Kf7 43. c5 Ne7 44. Kg3 Nc6 45. a3 a5 46. b5 Ne7 47. b6 Rxc5 48. Rd7 Rc3+ 49. Kf2 Ke6 50. Rxb7 Rxa3 51. g4 f4 52. Rc7 Rxh3 53. Rc5 Rb3 54. Rxa5 Rxb6 55. Kf3 Ng6 56. Ra3 Kf6 57. Rc3 Re6 58. Rb3 Kg5 59. Rb5+ Re5 60. Rb3 Nh4+ 61. Kf2 f3 62. Rb2 Kxg4 63. Rb4+ Kh3 64. Kf1 Kg3 65. Rb2 Ng2 66. Rb1 f2 67. Rb3+ Re3 0-1